000
00214nam a22000857a 4500
008
170123b xxu||||| |||| 00| 0 eng d
100
_9
2531
_a
Dickens Charles
245
_a
Oliver Twist
260
_a
New Delhi
_b
S.Chand
_c
2009
999
_c
5620
_d
5620